Static and Dynamic Electricity
Gespeichert in:
| 1. Verfasser: | |
|---|---|
| Format: | Buch |
| Sprache: | Englisch |
| Veröffentlicht: |
Pasadena
Lee A. Dubridge
1939
|
| Schriftenreihe: | International Series in Physics
|
| Schlagworte: | |
| Tags: |
Tag hinzufügen
Keine Tags, Fügen Sie den ersten Tag hinzu!
|
MARC
| LEADER | 00000nam a2200000 a 4500 | ||
|---|---|---|---|
| 001 | UCH1678 | ||
| 003 | CL-VaPUC | ||
| 008 | 090507e19390800US |||||||||||||||||eng|d | ||
| 082 | 0 | 4 | |a 537.24 |b SMY |2 21 |
| 100 | 0 | |a Smythe, William R |e author |9 536131 | |
| 245 | 1 | 0 | |a Static and Dynamic Electricity |
| 300 | |a 560 p | ||
| 942 | |c BK | ||
| 945 | |d 20090507 00:00:00 |a dcastane | ||
| 260 | |a Pasadena |b Lee A. Dubridge |c 1939 | ||
| 650 | 0 | |a Electrostática |9 351592 | |
| 650 | 7 | |a DIELECTRICA |2 CL-VaPUC |9 522099 | |
| 650 | 7 | |a CONDENSADORES |2 CL-VaPUC |9 401730 | |
| 650 | 7 | |a CONDUCTORES |2 CL-VaPUC |9 327717 | |
| 650 | 7 | |a CORRIENTE ELECTRICA |2 CL-VaPUC |9 430925 | |
| 583 | |a last modification |c 20090507 00:00:00 |k Rodrigo Vera | ||
| 490 | 0 | |a International Series in Physics | |
| 999 | |c 333593 |d 333591 | ||
| 952 | |0 0 |1 0 |4 0 |6 537_240000000000000_SMY_1939 |7 0 |8 A |9 422125 |a BIBCUR |b BIBCUR |d 2019-11-22 |i 4542916 |l 1 |o 537.24 SMY 1939 |p 4542916 |r 2025-04-22 |s 2025-03-31 |w 2019-11-22 |y BK |k FIS | ||